Every 100k+ City in North America on a map [2025] (by urban area) - Statistics

General Stats
  • This quiz has been taken 68 times
  • The average score is 210 of 566
Answers on the Map
Answers color-coded by a green-red scale on the quiz's map according to % correct below.
 
Answer Stats
Country Region (if applicable) Population City % Correct
United States Illinois 8,860,334 Chicago
94%
United States Texas 6,766,579 Dallas - Fort Worth
91%
United States Florida 6,455,010 Miami
91%
United States New York 20,113,692 New York
91%
Canada Alberta 1,497,077 Calgary
89%
United States Michigan 3,897,605 Detroit
89%
Canada Alberta 1,330,512 Edmonton
89%
United States Texas 6,976,139 Houston
89%
United States Nevada 2,549,574 Las Vegas
89%
United States California 13,640,600 Los Angeles
89%
United States Florida 2,319,167 Orlando
89%
United States Georgia 5,712,132 Atlanta
86%
United States Texas 2,181,313 Austin
86%
United States Massachusetts 2,963,665 Boston
86%
United States New York 996,463 Buffalo
86%
United States Colorado 3,043,467 Denver
86%
United States Pennsylvania 5,996,301 Philadelphia
86%
United States Washington 4,037,248 Seattle
86%
Canada Ontario 5,824,965 Toronto
86%
Canada British Columbia 2,594,393 Vancouver
86%
United States Maryland 2,216,237 Baltimore
83%
Mexico Ciudad de México 19,818,468 Ciudad de México
83%
United States Indiana 1,924,396 Indianapolis
83%
United States Missouri 1,885,992 Kansas City
83%
United States Minnesota 3,222,569 Minneapolis - St. Paul
83%
Canada Québec 3,964,120 Montréal
83%
United States Tennessee 1,273,556 Nashville
83%
United States Pennsylvania 1,830,218 Pittsburgh
83%
Canada Québec 809,701 Québec
83%
United States California 2,189,833 Sacramento
83%
United States Texas 2,368,853 San Antonio
83%
United States California 3,270,587 San Diego
83%
United States California 3,269,385 San Francisco
83%
Mexico Guanajuato 105,720 San Francisco del Rincón
83%
United States Florida 3,024,418 Tampa
83%
United States District of Columbia 5,767,650 Washington
83%
United States South Carolina 760,307 Charleston
80%
United States West Virginia 140,958 Charleston
80%
United States North Carolina 1,719,685 Charlotte
80%
United States Ohio 1,860,199 Columbus
80%
United States Georgia 273,405 Columbus
80%
United States Texas 942,903 El Paso
80%
Cuba 2,171,833 La Habana
80%
United States Tennessee 1,143,721 Memphis
80%
United States Louisiana 991,287 New Orleans
80%
United States Oregon 2,383,080 Portland
80%
United States Maine 229,884 Portland
80%
United States Utah 1,310,914 Salt Lake City
80%
United States California 2,748,068 San Jose
80%
Costa Rica 2,243,591 San José
80%
United States Missouri 2,283,833 St. Louis
80%
Canada Manitoba 830,527 Winnipeg
80%
United States Ohio 1,819,588 Cincinnati
77%
Guatemala 2,662,452 Ciudad de Guatemala
77%
Panama 1,305,514 Ciudad de Panamá
77%
United States Ohio 1,768,690 Cleveland
77%
Mexico Nuevo León 4,489,855 Guadalajara
77%
United States Mississippi 347,693 Jackson
77%
United States Florida 1,344,234 Jacksonville
77%
United States North Carolina 126,127 Jacksonville
77%
United States Kentucky 1,134,431 Louisville
77%
Haiti 2,783,126 Port-au-Prince
77%
United States Virginia 1,155,656 Richmond
77%
United States Oklahoma 822,090 Tulsa
77%
United States California 829,221 Fresno
74%
Jamaica 858,991 Kingston
74%
Canada Ontario 137,910 Kingston
74%
United States Wisconsin 1,465,557 Milwaukee
74%
United States Oklahoma 1,140,604 Oklahoma City
74%
United States Nebraska 920,537 Omaha
74%
Canada Ontario 1,208,894 Ottawa
74%
United States Arizona 4,609,515 Phoenix
74%
United States Rhode Island 1,405,593 Providence
74%
Mexico Puebla 2,485,501 Puebla
74%
United States North Carolina 1,489,503 Raleigh
74%
United States Kansas 546,813 Wichita
74%
United States New Mexico 784,505 Albuquerque
71%
United States Louisiana 726,819 Baton Rouge
71%
United States Alabama 844,018 Birmingham
71%
Mexico Chihuahua 1,474,633 Ciudad Juárez
71%
United States Oregon 342,529 Salem
71%
Dominican Republic 3,676,437 Santo Domingo
71%
United States Massachusetts 548,069 Springfield
71%
United States Missouri 334,948 Springfield
71%
United States Illinois 169,314 Springfield
71%
United States Virginia 1,565,200 Virginia Beach
71%
United States New York 635,455 Albany
69%
United States Idaho 509,022 Boise City
69%
Mexico Chihuahua 956,007 Chihuahua
69%
United States Colorado 711,777 Colorado Springs
69%
United States Michigan 675,278 Grand Rapids
69%
United States Connecticut 1,033,812 Hartford
69%
United States Hawaii 933,466 Honolulu
69%
United States Wisconsin 523,324 Madison
69%
United States California 2,471,048 Riverside - San Bernardino
69%
United States New York 757,197 Rochester
69%
United States Minnesota 143,635 Rochester
69%
United States Puerto Rico 1,033,758 San Juan
69%
Mexico Baja California 1,875,648 Tijuana
69%
Mexico Quintana Roo 916,784 Cancún
66%
Canada Nova Scotia 384,283 Halifax
66%
United States Kentucky 407,176 Lexington
66%
United States Nebraska 310,096 Lincoln
66%
Mexico Nuevo León 4,383,058 Monterrey
66%
El Salvador 1,724,430 San Salvador
66%
United States New York 467,891 Syracuse
66%
United States Ohio 548,683 Toledo
66%
United States California 594,864 Bakersfield
63%
United States South Carolina 656,135 Columbia
63%
United States Missouri 151,231 Columbia
63%
United States Colorado 106,356 Erie - Lafayette
63%
Canada Ontario 759,874 Hamilton
63%
United States Pennsylvania 568,130 Harrisburg
63%
United States Tennessee 623,337 Knoxville
63%
Canada Ontario 491,040 London
63%
Mexico Baja California 849,216 Mexicali
63%
United States Alabama 355,376 Mobile
63%
United States South Dakota 225,062 Sioux Falls
63%
United States Florida 282,435 Tallahassee
63%
United States Arizona 981,357 Tucson
63%
United States Massachusetts 525,870 Worcester
63%
United States Ohio 573,369 Akron
60%
United States Texas 376,420 Amarillo
60%
United States Alaska 260,315 Anchorage
60%
United States Connecticut 981,661 Bridgeport - Stamford
60%
Mexico Tamaulipas 341,686 Ciudad Victoria
60%
United States Iowa 619,578 Des Moines
60%
United States Oregon 306,239 Eugene
60%
United States Indiana 395,606 Fort Wayne
60%
United States Texas 923,114 McAllen
60%
Mexico Yucatán 1,119,178 Mérida
60%
United States Connecticut 561,456 New Haven
60%
Canada Saskatchewan 248,865 Regina
60%
United States Nevada 470,102 Reno
60%
Canada Saskatchewan 301,495 Saskatoon
60%
United States Georgia 355,599 Savannah
60%
Mexico Aguascalientes 1,014,544 Aguascalientes
57%
United States Texas 235,395 Brownsville
57%
United States Texas 363,589 Corpus Christi
57%
United States North Dakota 235,875 Fargo
57%
United States North Carolina 464,386 Greensboro
57%
United States Alabama 396,563 Huntsville
57%
United States California 362,327 Lancaster - Palmdale
57%
United States Michigan 364,033 Lansing
57%
Mexico Guanajuato 1,628,318 León
57%
Nicaragua 183,199 León
57%
Nicaragua 1,182,294 Managua
57%
United States New Hampshire 207,589 Manchester
57%
Bahamas 307,659 Nassau
57%
United States Utah 731,704 Provo - Orem
57%
Mexico San Luis Potosí 1,201,385 San Luis Potosí
57%
United States Washington 525,283 Spokane
57%
Canada Newfoundland 192,804 St. John's
57%
Canada British Columbia 392,421 Victoria
57%
United States Pennsylvania 751,751 Allentown
54%
United States Florida 718,952 Cape Coral
54%
United States Ohio 794,210 Dayton
54%
United States Minnesota 128,316 Duluth
54%
United States Pennsylvania 205,000 Erie
54%
United States Wisconsin 238,050 Green Bay
54%
United States Louisiana 310,694 Lafayette
54%
United States Indiana 173,154 Lafayette
54%
United States Pennsylvania 418,178 Lancaster
54%
United States Texas 287,605 Laredo
54%
United States Texas 284,551 Lubbock
54%
United States Alabama 306,644 Montgomery
54%
El Salvador 312,091 Santa Ana
54%
United States New Jersey 375,378 Trenton
54%
Mexico Guerrero 704,997 Acapulco de Juárez
51%
United States North Carolina 332,631 Fayetteville
51%
United States Arkansas 413,931 Fayetteville - Springdale - Rogers
51%
United States Arkansas 499,069 Little Rock
51%
Mexico Oaxaca 536,577 Oaxaca de Juárez
51%
Trinidad and Tobago 344,542 Port of Spain - Arima
51%
United States Iowa 119,288 Sioux City
51%
United States California 445,777 Stockton
51%
Honduras 1,373,190 Tegucigalpa
51%
Mexico Veracruz de Ignacio de la Llave 656,957 Veracruz
51%
United States Georgia 563,686 Augusta
49%
United States Oregon 120,892 Bend
49%
United States Montana 141,587 Billings
49%
United States Tennessee 407,595 Chattanooga
49%
United States California 673,484 Concord
49%
United States North Carolina 317,249 Concord
49%
United States North Carolina 421,261 Durham
49%
United States Colorado 245,909 Fort Collins
49%
United States Idaho 124,620 Idaho Falls
49%
United States Washington 249,597 Lacey - Olympia
49%
United States Louisiana 311,888 Shreveport
49%
United States Kansas 156,234 Topeka
49%
United States North Dakota 105,151 Bismarck
46%
United States North Carolina 159,963 Burlington
46%
United States Vermont 122,972 Burlington
46%
United States Iowa 213,960 Cedar Rapids
46%
Mexico Sonora 880,131 Hermosillo
46%
United States Texas 144,954 Midland
46%
United States Oregon 677,281 Ogden - Layton
46%
United States Florida 597,370 Palm Bay
46%
Mexico Querétaro de Arteaga 1,154,047 Querétaro
46%
United States Pennsylvania 392,239 Scranton
46%
United States North Carolina 275,094 Wilmington
46%
United States Indiana 238,961 Evansville
43%
United States Georgia 338,493 Gainesville
43%
United States Florida 228,049 Gainesville
43%
Canada Ontario 597,613 Kitchener
43%
United States Georgia 141,399 Macon
43%
United States Texas 155,124 Odessa
43%
United States Florida 420,458 Pensacola
43%
United States Florida 518,780 Port St. Lucie
43%
Honduras 920,901 San Pedro Sula
43%
United States California 206,650 Santa Barbara
43%
United States California 326,846 Santa Rosa
43%
Cuba 453,760 Santiago de Cuba
43%
Dominican Republic 483,557 Santiago de los Caballeros
43%
United States Florida 905,348 Sarasota - Bradenton
43%
Mexico México 2,180,734 Toluca
43%
United States Alabama 161,202 Tuscaloosa
43%
United States Texas 205,161 Waco
43%
Canada Ontario 342,267 Windsor
43%
United States Illinois 138,757 Bloomington
40%
United States Indiana 123,715 Bloomington
40%
United States Colorado 124,073 Boulder
40%
United States Iowa 306,924 Davenport
40%
United States Delaware 129,773 Dover
40%
Mexico Durango 636,768 Durango
40%
United States South Carolina 387,271 Greenville
40%
United States North Carolina 136,133 Greenville
40%
United States New Mexico 143,972 Las Cruces
40%
United States Utah 137,198 St. George
40%
Canada Québec 149,516 Trois-Rivières
40%
United States Michigan 331,262 Ann Arbor
37%
United States Georgia 151,040 Athens
37%
Mexico Baja California Sur 264,437 Cabo San Lucas
37%
United States Tennessee 226,149 Clarksville
37%
United States Idaho 135,578 Coeur d'Alene
37%
United States Connecticut 173,480 Danbury
37%
United States Michigan 352,165 Flint
37%
United States Texas 644,271 Frisco - McKinney
37%
Cuba 212,463 Guantánamo
37%
United States Mississippi 253,991 Gulfport
37%
United States Michigan 249,661 Kalamazoo
37%
Canada New Brunswick 135,411 Moncton
37%
United States Tennessee 219,332 Murfreesboro
37%
United States Colorado 138,068 Pueblo
37%
United States Illinois 317,187 Rockford
37%
United States California 129,482 Seaside - Monterey
37%
United States Indiana 358,791 South Bend
37%
Mexico Coahuila de Zaragoza 1,308,462 Torreón
37%
United States North Carolina 461,464 Winston-Salem
37%
United States Washington 148,856 Yakima
37%
United States Arizona 138,848 Yuma
37%
United States New Jersey 270,414 Atlantic City
34%
United States Texas 146,649 Beaumont
34%
United States Iowa 139,401 Iowa City
34%
United States Massachusetts 284,398 Lowell
34%
United States Oregon 188,766 Medford
34%
United States South Carolina 352,274 Myrtle Beach
34%
United States Idaho 202,352 Nampa
34%
Canada British Columbia 122,877 Nanaimo
34%
United States Illinois 274,910 Peoria
34%
Canada Alberta 118,948 Red Deer
34%
Canada Québec 103,934 Saguenay
34%
Mexico Coahuila de Zaragoza 962,623 Saltillo
34%
United States California 167,526 Santa Maria
34%
Canada Québec 181,468 Sherbrooke
34%
United States Texas 104,274 Wichita Falls
34%
United States Ohio 385,207 Youngstown
34%
United States Washington 157,094 Bellingham
31%
Mexico Campeche 261,453 Campeche
31%
United States Texas 214,932 College Station
31%
Mexico Sinaloa 870,065 Culiacán
31%
United States Wisconsin 106,811 Eau Claire
31%
United States Colorado 147,096 Grand Junction
31%
Mexico Zacatecas 341,959 Guadalupe - Zacatecas
31%
United States West Virginia 200,157 Huntington
31%
Canada British Columbia 200,428 Kelowna
31%
United States Washington 286,408 Kennewick - Pasco - Richland
31%
United States Wisconsin 126,775 Kenosha
31%
United States Florida 375,662 Lakeland
31%
United States Massachusetts 419,168 Lawrence
31%
United States Kansas 103,931 Lawrence
31%
Mexico Tamaulipas 567,606 Matamoros
31%
United States California 396,782 Modesto
31%
Jamaica 139,200 Montego Bay
31%
Mexico Michoacán de Ocampo 812,447 Morelia
31%
United States Oklahoma 129,272 Norman
31%
United States Virginia 224,719 Roanoke
31%
El Salvador 217,119 San Miguel
31%
United States California 271,723 Santa Clarita
31%
United States Florida 105,730 St. Augustine
31%
United States New York 141,291 Utica
31%
United States Connecticut 248,224 Waterbury
31%
United States Pennsylvania 276,989 York
31%
United States Wisconsin 254,203 Appleton
29%
United States North Carolina 288,375 Asheville
29%
United States Georgia 352,013 Auburn
29%
United States Florida 489,776 Bonita Springs
29%
Barbados 171,634 Bridgetown
29%
Cuba 312,211 Camagüey
29%
United States Ohio 356,470 Canton
29%
United States Virginia 110,664 Charlottesville
29%
Mexico Morelos 848,797 Cuernavaca
29%
United States Texas 465,095 Denton - Lewisville
29%
United States Arkansas 144,260 Fort Smith
29%
United States California 445,395 Indio
29%
United States Florida 482,925 Kissimmee - St. Cloud
29%
Mexico Baja California Sur 315,358 La Paz
29%
United States Massachusetts 184,114 New Bedford
29%
Dominican Republic 104,808 Punta Cana
29%
Mexico Tamaulipas 706,584 Reynosa
29%
Canada Ontario 289,529 St. Catharines
29%
United States Minnesota 136,628 St. Cloud
29%
United States Texas 216,698 Texas City - Galveston
29%
Mexico Colima 329,162 Villa de Álvarez - Colima
29%
United States Texas 122,465 Abilene
26%
United States New York 165,513 Binghamton
26%
Haiti 422,497 Cap-Haïtien
26%
United States California 128,683 Chico
26%
United States Maryland 205,155 Frederick
26%
United States Texas 294,538 Killeen
26%
United States California 564,064 Menifee - Temecula - Murrieta
26%
United States New Hampshire 237,035 Nashua
26%
United States California 404,823 Oxnard
26%
United States Florida 465,630 Palm Coast - Daytona Beach - Port Orange
26%
United States New York 326,748 Poughkeepsie - Newburgh
26%
Mexico Jalisco 279,029 Puerto Vallarta
26%
United States California 122,064 Redding
26%
Cuba 225,418 Santa Clara
26%
United States California 175,478 Santa Cruz
26%
Mexico Tamaulipas 727,642 Tampico
26%
United States Texas 136,016 Tyler
26%
United States Iowa 126,583 Waterloo
26%
Netherlands Curaçao 186,795 Willemstad
26%
United States California 349,338 Antioch
23%
United States Massachusetts 336,250 Barnstable Town
23%
United States Kentucky 109,321 Bowling Green
23%
United States Illinois 162,846 Champaign
23%
United States Indiana 150,558 Elkhart
23%
Haiti 456,324 Gonaïves
23%
United States Arizona 535,969 Goodyear - Avondale - Phoenix West
23%
Cuba 320,137 Holguín
23%
United States Louisiana 161,341 Lake Charles
23%
Mexico Sinaloa 465,089 Mazatlán
23%
Mexico Sonora 297,455 Nogales
23%
Canada Ontario 358,487 Oshawa
23%
United States Florida 175,478 Panama City
23%
United States Wisconsin 177,797 Racine
23%
United States Pennsylvania 343,969 Reading
23%
United States Michigan 162,119 Saginaw
23%
United States South Carolina 205,555 Spartanburg
23%
Mexico Nayarit 429,745 Tepic
23%
United States Texas 513,645 The Woodlands - Conroe
23%
Mexico Tlaxcala 146,626 Tlaxcala
23%
Mexico Tabasco 439,213 Villahermosa
23%
Canada British Columbia 163,212 Abbotsford
20%
Canada Ontario 187,171 Barrie
20%
Mexico Sonora 370,293 Ciudad Obregón
20%
El Salvador 219,513 Colón
20%
Panama 180,377 Colón
20%
Panama 127,721 David
20%
United States California 185,498 Fairfield
20%
France Martinique 148,916 Fort-de-France
20%
United States Colorado 159,902 Greeley
20%
Canada Ontario 163,680 Guelph
20%
United States Wisconsin 107,943 La Crosse
20%
Canada Alberta 104,781 Lethbridge
20%
United States California 159,574 Merced
20%
United States Louisiana 121,717 Monroe
20%
United States Connecticut 173,806 Norwich - New London
20%
Mexico Tamaulipas 416,462 Nuevo Laredo
20%
United States Florida 197,058 Ocala
20%
United States Texas 170,670 Port Arthur
20%
Guatemala 306,946 Quetzaltenango
20%
United States California 189,865 Salinas
20%
Cuba 153,718 San Carlos y San Severino de Matanzas
20%
Dominican Republic 175,623 San Cristóbal
20%
Mexico Chiapas 229,003 San Cristóbal de las Casas
20%
Jamaica 178,388 Spanish Town
20%
United States Florida 193,503 The Villages
20%
United States California 213,986 Thousand Oaks
20%
Mexico Chiapas 639,762 Tuxtla Gutiérrez
20%
United States California 365,885 Victorville - Hesperia
20%
United States California 207,191 Visalia
20%
Mexico Veracruz de Ignacio de la Llave 532,709 Xalapa-Enríquez
20%
United States Washington 238,382 Bremerton
17%
United States Massachusetts 414,122 Brockton
17%
Trinidad and Tobago 157,486 Chaguanas
17%
Mexico Coahuila de Zaragoza 156,101 Ciudad Acuña
17%
Mexico Baja California 365,358 Ensenada
17%
United States Virginia 182,702 Fredericksburg
17%
United States Maryland 216,149 Hagerstown
17%
United States Michigan 122,592 Holland
17%
United States Louisiana 147,309 Houma
17%
United States Tennessee 132,773 Johnson City
17%
United States Utah 124,772 Logan
17%
United States Ohio 212,360 Lorain - Elyria
17%
Mexico Sinaloa 325,263 Los Mochis
17%
United States California 680,943 Mission Viejo - Lake Forest
17%
United States Indiana 103,408 Muncie
17%
United States Michigan 169,042 Muskegon
17%
United States Florida 228,792 Navarre - Destin
17%
United States Florida 217,221 North Port - Port Charlotte
17%
Mexico Hidalgo 433,174 Pachuca de Soto
17%
Mexico Quintana Roo 350,838 Playa del Carmen
17%
United States Texas 100,079 San Angelo
17%
United States California 180,389 Vallejo
17%
Costa Rica 209,963 Alajuela
14%
United States Florida 105,729 Beverly Hills - Homosassa Springs - Pine Ridge
14%
Costa Rica 242,006 Cartago
14%
Mexico Quintana Roo 185,482 Chetumal
14%
Cuba 152,910 Cienfuegos
14%
Mexico Campeche 215,000 Ciudad del Carmen
14%
Mexico Veracruz de Ignacio de la Llave 209,664 Córdoba
14%
United States Florida 235,808 Deltona
14%
United States North Carolina 180,718 Gastonia
14%
Nicaragua 107,757 Granada
14%
United States Texas 123,362 Harlingen
14%
United States North Carolina 201,511 Hickory
14%
United States North Carolina 168,507 High Point
14%
Mexico Guanajuato 531,096 Irapuato
14%
United States Hawaii 120,361 Kailua - Kaneohe
14%
Honduras 253,262 La Ceiba
14%
Cuba 186,061 Las Tunas
14%
United States California 249,532 Livermore - Pleasanton - Dublin
14%
United States Texas 123,509 Longview
14%
United States Colorado 119,197 Loveland
14%
United States Virginia 130,331 Lynchburg
14%
Mexico Colima 188,266 Manzanillo
14%
Cuba 110,394 Manzanillo
14%
Nicaragua 156,890 Masaya
14%
Canada Ontario 146,323 Milton
14%
Mexico Coahuila de Zaragoza 331,180 Monclova
14%
United States Texas 104,571 New Braunfels
14%
United States Puerto Rico 120,324 Ponce
14%
Guatemala 116,545 Puerto Barrios
14%
United States South Carolina 278,795 Rock Hill
14%
Haiti 246,317 Saint-Marc
14%
Mexico Guanajuato 199,093 Salamanca
14%
Mexico Baja California Sur 178,351 San José del Cabo
14%
Mexico Sonora 203,293 San Luis Río Colorado
14%
United States California 128,457 Simi Valley
14%
United States Michigan 161,311 South Lyon - Hamburg - Genoa
14%
United States Texas 129,092 Temple
14%
United States California 105,217 Vacaville
14%
United States Georgia 146,504 Warner Robins
14%
United States California 138,291 Yuba City
14%
United States South Carolina 148,014 Anderson
11%
Canada Ontario 121,245 Brantford
11%
Mexico Guanajuato 441,749 Celaya
11%
Mexico Guerrero 261,286 Chilpancingo de los Bravo
11%
Nicaragua 129,764 Chinandega
11%
Honduras 116,036 Choluteca
11%
Cuba 124,796 Ciego de Ávila
11%
Mexico Veracruz de Ignacio de la Llave 272,458 Coatzacoalcos
11%
Guatemala 320,694 Cobán
11%
Honduras 130,934 Comayagua
11%
Mexico Chihuahua 157,822 Delicias
11%
United States Massachusetts 336,895 Framingham
11%
Mexico Sonora 132,052 Guaymas
11%
Guatemala 133,390 Huehuetenango
11%
Mexico Guerrero 139,582 Iguala de la Independencia
11%
Haiti 109,018 Jacmel
11%
Guatemala 144,700 Jutiapa
11%
Dominican Republic 279,283 La Romana
11%
France Guadeloupe 218,006 Les Abymes
11%
United States Colorado 119,672 Longmont
11%
United States Louisiana 128,674 Mandeville - Covington
11%
Nicaragua 126,445 Matagalpa
11%
United States Illinois 271,802 McHenry - Round Lake Beach - Grayslake
11%
Mexico Veracruz de Ignacio de la Llave 305,278 Orizaba
11%
Mexico Coahuila de Zaragoza 171,565 Piedras Negras
11%
Cuba 157,150 Pinar del Río
11%
Haiti 199,914 Port-de-Paix
11%
Mexico Tamaulipas 119,963 Río Bravo
11%
Cuba 114,445 Sancti Spíritus
11%
Trinidad and Tobago 120,835 San Fernando
11%
Mexico Oaxaca 121,188 San Juan Bautista Tuxtepec
11%
Guatemala 144,485 San Pedro Sacatepéquez - San Marcos
11%
Mexico Chiapas 286,400 Tapachula de Córdova y Ordóñez
11%
Mexico Michoacán de Ocampo 340,700 Uruapan del Progreso
11%
United States Florida 188,239 Vero Beach - Sebastian - Florida Ridge
11%
Honduras 103,071 Villanueva
11%
Canada British Columbia 116,229 White Rock
11%
Mexico Michoacán de Ocampo 224,464 Zamora de Hidalgo
11%
El Salvador 133,503 Ahuachapán
9%
United States Massachusetts 126,390 Amherst
9%
Mexico Michoacán de Ocampo 117,302 Apatzingán de la Constitución
9%
El Salvador 466,398 Apopa
9%
Cuba 175,639 Bayamo
9%
United States Maryland 215,096 Bel Air
9%
Mexico Tabasco 112,788 Cárdenas
9%
El Salvador 120,308 Chalchuapa
9%
Guatemala 176,061 Chimaltenango
9%
Guatemala 120,297 Chiquimula
9%
Mexico Jalisco 119,846 Ciudad Guzmán
9%
Mexico San Luis Potosí 139,244 Ciudad Valles
9%
Mexico Chiapas 136,913 Comitán de Domínguez
9%
Mexico Chihuahua 151,980 Cuauhtémoc
9%
Mexico Morelos 224,003 Cuautla de Morelos
9%
Honduras 130,150 El Progreso
9%
Guatemala 178,384 Escuintla
9%
Nicaragua 117,003 Estelí
9%
United States Florida 117,923 Four Corners
9%
Mexico Zacatecas 166,827 Fresnillo
9%
Mexico Nuevo León 257,669 García
9%
United States California 124,043 Gilroy - Morgan Hill
9%
United States California 204,574 Hemet
9%
Mexico Chihuahua 122,802 Hidalgo del Parral
9%
Dominican Republic 206,288 Higüey
9%
Guatemala 163,426 Jalapa
9%
Mexico Oaxaca 102,124 Juchitán de Zaragoza
9%
Canada Ontario 173,449 Kanata
9%
Mexico Jalisco 131,770 Lagos de Moreno
9%
Mexico Michoacán de Ocampo 108,294 La Piedad de Cabadas
9%
Dominican Republic 136,501 La Vega
9%
Mexico Michoacán de Ocampo 145,206 Lázaro Cárdenas
9%
United States Florida 162,751 Leesburg - Tavares
9%
Haiti 162,423 Léogâne
9%
United States Massachusetts 143,688 Leominster - Fitchburg
9%
United States Washington 168,685 Marysville
9%
United States South Carolina 183,457 Mauldin - Simpsonville
9%
Guatemala 124,575 Mazatenango
9%
Mexico Veracruz de Ignacio de la Llave 183,351 Minatitlán
9%
Mexico Sonora 127,674 Navojoa
9%
Mexico Jalisco 112,294 Ocotlán
9%
Haiti 115,853 Ouanaminthe
9%
Haiti 163,482 Petit-Goâve
9%
Mexico Baja California 117,016 Playas de Rosarito
9%
Mexico Veracruz de Ignacio de la Llave 240,151 Poza Rica de Hidalgo
9%
Dominican Republic 139,135 Puerto Plata
9%
Guatemala 124,203 Retalhuleu
9%
Mexico San Luis Potosí 104,443 Rioverde
9%
Canada Québec 124,354 Saint-Jérôme
9%
Dominican Republic 151,300 San Francisco de Macorís
9%
Cuba 100,831 San Juan de Dios de Cárdenas
9%
Mexico Querétaro de Arteaga 237,423 San Juan del Río
9%
Guatemala 207,085 San Juan Sacatepéquez
9%
Mexico Puebla 189,558 San Martín Texmelucan de Labastida
9%
Dominican Republic 225,113 San Pedro de Macorís
9%
Guatemala 120,414 Sololá
9%
El Salvador 195,979 Sonsonate
9%
United States Florida 197,558 Spring Hill
9%
Mexico Colima 114,060 Tecomán
9%
Mexico Puebla 315,549 Tehuacán
9%
Mexico Jalisco 110,632 Tepatitlán de Morelos
9%
Mexico Puebla 105,339 Teziutlán
9%
Nicaragua 143,477 Tipitapa
9%
Guatemala 156,745 Totonicapán
9%
United States California 126,381 Tracy
9%
Mexico Hidalgo 142,379 Tulancingo de Bravo
9%
Mexico Veracruz de Ignacio de la Llave 131,342 Túxpam de Rodríguez Cano
9%
Mexico Guanajuato 115,320 Uriangato - Moroleon
9%
Panama 231,847 Vista Alegre - Arraiján
9%
United States Florida 284,064 Winter Haven
9%
Mexico Michoacán de Ocampo 111,076 Zitácuaro
9%
United States Puerto Rico 143,330 Caguas
6%
Honduras 233,746 Choloma
6%
Panama 229,003 La Chorrera
6%
United States California 255,933 San Rafael - Novato
6%
Mexico Guanajuato 120,039 Silao
6%
Mexico Jalisco 111,041 Tesistán
6%
Guatemala 120,966 Amatitlán
3%
Nicaragua 136,829 Ciudad Sandino
3%
Guatemala 103,959 Santa Cruz del Quiché
3%
Guatemala 153,391 Villa Canales
3%
United States Maryland 123,196 Waldorf
3%
No matching quizzes found
Score Distribution
Percent of People with Each Score
Percentile by Number Answered
Your Score History
You have not taken this quiz